LEADER 03417nam 2200637 450 001 9910480259203321 005 20170814182155.0 010 $a0-8218-7793-3 035 $a(CKB)3240000000069731 035 $a(EBL)3112929 035 $a(SSID)ssj0000850371 035 $a(PQKBManifestationID)11459073 035 $a(PQKBTitleCode)TC0000850371 035 $a(PQKBWorkID)10826133 035 $a(PQKB)11705770 035 $a(MiAaPQ)EBC3112929 035 $a(PPN)197105289 035 $a(EXLCZ)993240000000069731 100 $a19961010h19971997 uy| 0 101 0 $aeng 135 $aur|n|---||||| 181 $ctxt 182 $cc 183 $acr 200 00$aOperads $eproceedings of renaissance conferences /$fJean-Louis Loday, James D. Stasheff, Alexander A. Voronov, editors 210 1$aProvidence, Rhode Island :$cAmerican Mathematical Society,$d[1997] 210 4$dİ1997 215 $a1 online resource (458 p.) 225 1 $aContemporary mathematics,$x0271-4132 ;$v202 300 $a"Special session and international conference on moduli spaces, operads, and representation theory/operads and homotopy algebra, March 1995/May-June 1995, Hartford, Connecticut/Luminy, France." 311 $a0-8218-0513-4 320 $aIncludes bibliographical references and index. 327 $a""Contents""; ""Preface""; ""Definitions: operads, algebras and modules""; ""The pre-history of operads""; ""Operads, algebras, and modules""; ""Relating the associahedron and the permutohedron""; ""Combinatorial models for real configuration spaces and En-operads""; ""From operads to 'physically' inspired theories""; ""Operades des algebres ( k + 1 )-aires""; ""Coproduct and cogroups in the category of graded dual Leibniz algebras""; ""Cohomology of monoids in monoidal categories""; ""Distributive laws, bialgebras, and cohomology""; ""Deformations of algebras over a quadratic operad"" 327 $a""Q-rings and the homology of the symmetric groups""""0. Introduction""; ""1. Q-rings and modules""; ""2. The Kudo-Araki algebra K and its dual""; ""3. Free Q-rings""; ""4. The extended Milnor coalgebra A""; ""5. The Nishida relations""; ""6. Q-coalgebras""; ""Appendix A""; ""Appendix B""; ""Appendix C""; ""References""; ""Operadic tensor products and smash products""; ""Homotopy Gerstenhaber algebras and topological field theory""; ""Intertwining operator algebras, genus-zero modular functors, and genus-zero conformal field theories"" 327 $a""Modular functor and representation theory of sl2 at a rational level""""Quantum generalized cohomology""; ""Non-commutative reciprocity laws associated to finite groups""; ""Index"" 410 0$aContemporary mathematics (American Mathematical Society) ;$v202. 606 $aOperads$vCongresses 606 $aOrdered algebraic structures$vCongresses 606 $aModuli theory$vCongresses 606 $aRepresentations of algebras$vCongresses 608 $aElectronic books. 615 0$aOperads 615 0$aOrdered algebraic structures 615 0$aModuli theory 615 0$aRepresentations of algebras 676 $a512/.2 702 $aLoday$b Jean-Louis 702 $aStasheff$b James D. 702 $aVoronov$b Alexander A. 801 0$bMiAaPQ 801 1$bMiAaPQ 801 2$bMiAaPQ 906 $aBOOK 912 $a9910480259203321 996 $aOperads$92212744 997 $aUNINA LEADER 02301oas 2200865 a 450 001 9910130843003321 005 20260218110625.0 035 $a(DE-599)ZDB2669244-2 035 $a(OCoLC)775524723 035 $a(CONSER) 2012243550 035 $a(CKB)3440000000000210 035 $a(DE-599)2669244-2 035 $a(EXLCZ)993440000000000210 100 $a20120207a20129999 uy 101 0 $aeng 135 $aur||||||||||| 181 $ctxt$2rdacontent 182 $cc$2rdamedia 183 $acr$2rdacarrier 200 00$aBone & joint research 210 $aLondon, England $cBritish Editorial Society of Bone & Joint Surgery 215 $a1 online resource 300 $aRefereed/Peer-reviewed 311 08$a2046-3758 517 1 $aBone and joint research 517 3 $aBJR 606 $aMusculoskeletal system$vPeriodicals 606 $aBones$xDiseases$vPeriodicals 606 $aJoints$xDiseases$vPeriodicals 606 $aMusculoskeletal System 606 $aBone Diseases 606 $aJoint Diseases 606 $aBones$xDiseases$2fast$3(OCoLC)fst00836004 606 $aJoints$xDiseases$2fast$3(OCoLC)fst00983908 606 $aMusculoskeletal system$2fast$3(OCoLC)fst01030016 608 $aPeriodical. 608 $aFulltext. 608 $aInternet Resources. 608 $aPeriodicals. 608 $aPeriodicals.$2fast 615 0$aMusculoskeletal system 615 0$aBones$xDiseases 615 0$aJoints$xDiseases 615 12$aMusculoskeletal System. 615 22$aBone Diseases. 615 22$aJoint Diseases. 615 7$aBones$xDiseases. 615 7$aJoints$xDiseases. 615 7$aMusculoskeletal system. 676 $a616.7 712 02$aBritish Editorial Society of Bone and Joint Surgery. 801 0$bHUA 801 1$bHUA 801 2$bHUA 801 2$bNLM 801 2$bOCLCO 801 2$bOCLCF 801 2$bCUS 801 2$bOCLCQ 801 2$bEUW 801 2$bOCLCQ 801 2$bCASUM 801 2$bOCLCO 801 2$bOCLCA 801 2$bNLE 801 2$bUKMGB 801 2$bOCLCA 801 2$bBWN 801 2$bOCLCQ 801 2$bOCLCL 801 2$bOCLCQ 906 $aJOURNAL 912 $a9910130843003321 996 $aBone & joint research$92166749 997 $aUNINA